[Event "Torneio Internacional da Amizade"]
[Site "Sao Paulo BRA"]
[Date "2008.08.23"]
[Round "1.2"]
[White "Barbosa, Fernando"]
[Black "Santos, Marcus Vinicius Mor"]
[Result "0-1"]
[WhiteElo "2036"]
[BlackElo "2403"]
[PlyCount "56"]
[EventDate "2008.08.23"]
[EventType "swiss"]
[EventRounds "9"]
[EventCountry "BRA"]
[Source "lmi"]
[SourceDate "2008.08.23"]

1. e4 e5 2. Nf3 Nc6 3. d4 exd4 4. Bc4 Nf6 5. e5 Ne4 6. c3 d5 7. Bb5 dxc3 8.
bxc3 Bc5 9. Nd4 O-O 10. Bxc6 bxc6 11. O-O f6 12. e6 Qd6 13. Be3 Bxe6 14. Re1
Bd7 15. f3 Ng5 16. Nd2 Bb6 17. N2b3 c5 18. Nc2 c4 19. Nbd4 c5 20. Ne2 Ne6 21.
Nf4 Nxf4 22. Bxf4 Qc6 23. a4 Ba5 24. Bd2 Bf5 25. Ne3 Bd3 26. f4 d4 27. cxd4
Bxd2 28. Qxd2 cxd4 0-1

[Event "Torneio Internacional da Amizade"]
[Site "Sao Paulo BRA"]
[Date "2008.08.23"]
[Round "1.3"]
[White "Fusco, Leonardo"]
[Black "Cruz, Evandra Angelica Da"]
[Result "1-0"]
[WhiteElo "2392"]
[BlackElo "2013"]
[PlyCount "63"]
[EventDate "2008.08.23"]
[EventType "swiss"]
[EventRounds "9"]
[EventCountry "BRA"]
[Source "lmi"]
[SourceDate "2008.08.23"]

1. e4 d6 2. d4 Nf6 3. Nc3 g6 4. Be3 c6 5. Qd2 Bg7 6. f3 b5 7. g4 h5 8. g5 Nfd7
9. f4 Nb6 10. Bd3 Nc4 11. Bxc4 bxc4 12. Nf3 O-O 13. Nh4 Qa5 14. O-O e6 15. Rf2
Kh7 16. Raf1 f5 17. gxf6 Bxf6 18. Nf3 Qd8 19. Ng5+ Bxg5 20. fxg5 Rxf2 21. Qxf2
Qg8 22. Qf6 Qg7 23. Qd8 Nd7 24. Qe8 Bb7 25. Qxe6 Rf8 26. Rxf8 Nxf8 27. Qxd6 Qf7
28. Qf6 Qe8 29. Kf2 Nd7 30. Qd6 Qf7+ 31. Bf4 c5 32. d5 1-0

[Event "Torneio Internacional da Amizade"]
[Site "Sao Paulo BRA"]
[Date "2008.08.23"]
[Round "1.4"]
[White "Reis, Alan De Albuquerque"]
[Black "Teixeira, Ricardo Da Silva"]
[Result "0-1"]
[WhiteElo "2012"]
[BlackElo "2377"]
[PlyCount "46"]
[EventDate "2008.08.23"]
[EventType "swiss"]
[EventRounds "9"]
[EventCountry "BRA"]
[Source "lmi"]
[SourceDate "2008.08.23"]

1. d4 d5 2. c4 e6 3. Nc3 c5 4. Nf3 Nc6 5. e3 Nf6 6. Be2 cxd4 7. Nxd4 Be7 8. O-O
O-O 9. b3 e5 10. Nf3 d4 11. exd4 e4 12. Nd2 Qxd4 13. Bb2 Rd8 14. Ndb1 Qc5 15.
Qc1 Nd4 16. Bd1 Bd6 17. g3 Bh3 18. Re1 Qf5 19. Nd2 Bc5 20. Re3 Ne6 21. Ndxe4
Nxe4 22. Nxe4 Rxd1+ 23. Qxd1 Bxe3 0-1

[Event "Torneio Internacional da Amizade"]
[Site "Sao Paulo BRA"]
[Date "2008.08.24"]
[Round "2.1"]
[White "Vescovi, Giovanni"]
[Black "Lebredo Zaragoitia, Gerardo"]
[Result "1-0"]
[WhiteElo "2631"]
[BlackElo "2245"]
[PlyCount "99"]
[EventDate "2008.08.23"]
[EventType "swiss"]
[EventRounds "9"]
[EventCountry "BRA"]
[Source "lmi"]
[SourceDate "2008.08.23"]

1. d4 Nf6 2. c4 e6 3. Nf3 Bb4+ 4. Nbd2 b6 5. g3 Bb7 6. Bg2 c5 7. dxc5 Bxc5 8.
O-O O-O 9. b3 d5 10. cxd5 Bxd5 11. Bb2 Nbd7 12. Qb1 e5 13. Ng5 Bxg2 14. Kxg2 h6
15. Nge4 Nxe4 16. Nxe4 f5 17. Nxc5 Nxc5 18. Qd1 e4 19. b4 Ne6 20. Qb3 Qe7 21.
Rac1 Rac8 22. Rfd1 Kh8 23. Rxc8 Rxc8 24. Rd5 Rf8 25. Re5 Rf6 26. a3 Qf7 27. Qd5
Rg6 28. Kg1 Rf6 29. Qd2 Rg6 30. Qd1 Kh7 31. Qd5 Rf6 32. Qd1 Rg6 33. a4 Qc7 34.
Rxf5 e3 35. Qd3 exf2+ 36. Rxf2 Ng5 37. Qf5 Qd6 38. Be5 Qe6 39. Rf1 Qxf5 40.
Rxf5 Rc6 41. Bb8 Rc4 42. Rb5 Rc2 43. Bxa7 Rxe2 44. Bxb6 Nf3+ 45. Kf1 Rxh2 46.
Be3 g5 47. a5 g4 48. a6 Rh1+ 49. Ke2 Re1+ 50. Kd3 1-0

[Event "Torneio Internacional da Amizade"]
[Site "Sao Paulo BRA"]
[Date "2008.08.24"]
[Round "2.2"]
[White "Bueno, Alfeu Junior Varela"]
[Black "Santos, Marcus Vinicius Mor"]
[Result "1/2-1/2"]
[WhiteElo "2267"]
[BlackElo "2403"]
[PlyCount "28"]
[EventDate "2008.08.23"]
[EventType "swiss"]
[EventRounds "9"]
[EventCountry "BRA"]
[Source "lmi"]
[SourceDate "2008.08.23"]

1. e4 e5 2. Nc3 Nf6 3. f4 d5 4. fxe5 Nxe4 5. Qf3 Nc6 6. Bb5 Nxc3 7. dxc3 Qh4+
8. g3 Qe4+ 9. Qxe4 dxe4 10. Bxc6+ bxc6 11. Be3 Be6 12. Ne2 O-O-O 13. Nd4 Bd7
14. O-O Re8 1/2-1/2

[Event "Torneio Internacional da Amizade"]
[Site "Sao Paulo BRA"]
[Date "2008.08.24"]
[Round "2.3"]
[White "Fusco, Leonardo"]
[Black "Calcado, Acyr Rogerio"]
[Result "1-0"]
[WhiteElo "2392"]
[BlackElo "2213"]
[PlyCount "120"]
[EventDate "2008.08.23"]
[EventType "swiss"]
[EventRounds "9"]
[EventCountry "BRA"]
[Source "lmi"]
[SourceDate "2008.08.23"]

1. e4 e5 2. Nf3 Nc6 3. Bb5 a6 4. Ba4 Nf6 5. O-O Be7 6. Re1 b5 7. Bb3 d6 8. c3
O-O 9. h3 Na5 10. Bc2 c5 11. d4 Qc7 12. d5 Bd7 13. Kh2 Ne8 14. g4 g6 15. Rg1
Nb7 16. Bh6 Ng7 17. Nbd2 f6 18. Nf1 Nd8 19. Ng3 Nf7 20. Be3 Kh8 21. Qe2 Qb7 22.
b3 a5 23. a4 bxa4 24. bxa4 Rfb8 25. Nd2 Qc8 26. Nc4 Qe8 27. Kg2 Qc8 28. Kh2 Qe8
29. Rh1 Ra7 30. Kg2 Qc8 31. Qd3 Qc7 32. Na3 Rab7 33. c4 Ne8 34. Bd2 Ra8 35. Bc3
Qc8 36. Nb5 Nc7 37. Qd2 Bd8 38. f4 Na6 39. Nxd6 Nxd6 40. fxe5 Ne8 41. exf6 Bxf6
42. e5 Bg7 43. Rae1 Nec7 44. Rhf1 Nb4 45. Bb1 Bxa4 46. e6 Ncxd5 47. cxd5 Nxd5
48. Bxg7+ Rxg7 49. Be4 Ne7 50. Bxa8 Qxa8+ 51. Kh2 Qd5 52. Rf8+ Rg8 53. Qc3+ Qd4
54. Qxd4+ cxd4 55. Rf7 Re8 56. Ne4 Nd5 57. Nd6 Re7 58. Re5 Bb3 59. Rxd5 Bxd5
60. Rxe7 d3 1-0

[Event "Torneio Internacional da Amizade"]
[Site "Sao Paulo BRA"]
[Date "2008.08.24"]
[Round "2.4"]
[White "Leal, Paulotarcisio Garci"]
[Black "Teixeira, Ricardo Da Silva"]
[Result "1-0"]
[WhiteElo "2211"]
[BlackElo "2377"]
[PlyCount "79"]
[EventDate "2008.08.23"]
[EventType "swiss"]
[EventRounds "9"]
[EventCountry "BRA"]
[Source "lmi"]
[SourceDate "2008.08.23"]

1. d4 d5 2. c4 e6 3. Nf3 c5 4. e3 Nc6 5. Nc3 Nf6 6. Bd3 dxc4 7. Bxc4 a6 8. a4
cxd4 9. exd4 Be7 10. O-O Nb4 11. Bf4 O-O 12. Qe2 Bd7 13. Rad1 Bc6 14. Ne5 Bd5
15. Nxd5 Nfxd5 16. Bd2 Re8 17. Qh5 Rf8 18. Qe2 Qe8 19. Bxb4 Bxb4 20. Bxd5 exd5
21. Qf3 Rd8 22. Qb3 a5 23. Rd3 f6 24. Nf3 b5 25. axb5 Qxb5 26. Nh4 Qc4 27. Qd1
Rfe8 28. Nf5 Rd7 29. Re3 Re4 30. Rxe4 dxe4 31. Qg4 Qc6 32. h4 Kh8 33. h5 Rc7
34. Rd1 Qe6 35. d5 Qe5 36. d6 Rd7 37. Rc1 Qe8 38. Qxe4 Qd8 39. Qg4 Bxd6 40.
Nxd6 1-0

[Event "Torneio Internacional da Amizade"]
[Site "Sao Paulo BRA"]
[Date "2008.08.24"]
[Round "2.5"]
[White "Perdomo, Leandro"]
[Black "Moyses Fo., Joao"]
[Result "0-1"]
[WhiteElo "2376"]
[BlackElo "2121"]
[PlyCount "135"]
[EventDate "2008.08.23"]
[EventType "swiss"]
[EventRounds "9"]
[EventCountry "BRA"]
[Source "lmi"]
[SourceDate "2008.08.23"]

1. d4 Nf6 2. c4 g6 3. Nc3 Bg7 4. e4 d6 5. f3 O-O 6. Bg5 h6 7. Be3 Nbd7 8. Qd2
Kh7 9. g4 e5 10. d5 a5 11. Bd3 b6 12. Nge2 Nc5 13. Bc2 Ba6 14. b3 Bc8 15. Ng3
Ng8 16. h4 Qf6 17. Ke2 Qe7 18. h5 g5 19. a3 Ba6 20. Kf2 f6 21. Nf5 Qd8 22. b4
Nd7 23. Bd3 Ne7 24. Ng3 Nb8 25. bxa5 bxa5 26. Na4 c5 27. Rab1 Nd7 28. Rb2 Qc7
29. Rhb1 Rfb8 30. Rxb8 Rxb8 31. Rxb8 Nxb8 32. Qb2 Nc8 33. Bd2 Bf8 34. Qc3 Be7
35. Qxa5 Bd8 36. Qxc7+ Bxc7 37. Nf5 Nd7 38. Ke2 Ncb6 39. Ba5 Nxd5 40. exd5 Bxa5
41. Nxd6+ Kg8 42. Ne4 Nb6 43. Nxb6 Bxb6 44. Nxf6+ Kf7 45. Nd7 Ba7 46. Nxe5+ Kf6
47. Nc6 Bb6 48. d6 Bc8 49. Ne7 Be6 50. Ke3 Ke5 51. d7 Kf6 52. Nf5 Bxf5 53. Bxf5
Ke5 54. Kd3 Ba5 55. Kc2 Kd6 56. Kb3 Kc6 57. Be4+ Kxd7 58. Ka4 Bd8 59. Kb5 Kd6
60. a4 Be7 61. a5 Kc7 62. a6 Kb8 63. Kb6 Bd8+ 64. Kxc5 Be7+ 65. Kd5 Ka7 66. Ke6
Bb4 67. Bb7 Kb8 68. Kf7 0-1

[Event "Torneio Internacional da Amizade"]
[Site "Sao Paulo BRA"]
[Date "2008.08.24"]
[Round "3.1"]
[White "Crespo, Antonio Rogerio"]
[Black "Vescovi, Giovanni"]
[Result "0-1"]
[WhiteElo "2170"]
[BlackElo "2631"]
[PlyCount "53"]
[EventDate "2008.08.23"]
[EventType "swiss"]
[EventRounds "9"]
[EventCountry "BRA"]
[Source "lmi"]
[SourceDate "2008.08.23"]

1. d4 Nf6 2. c4 e6 3. Nc3 Bb4 4. Qc2 O-O 5. Nf3 b6 6. Bg5 Bb7 7. a3 Bxc3+ 8.
Qxc3 d6 9. Nd2 Nbd7 10. Qg3 Qe8 11. Qh4 h6 12. Bxf6 Nxf6 13. e3 c5 14. Rg1 cxd4
15. Qxd4 d5 16. cxd5 e5 17. Qh4 Bxd5 18. e4 Bb7 19. f3 Rc8 20. Bc4 Qe7 21. Qf2
Rfd8 22. b3 b5 23. Bxb5 Rc2 24. Rd1 Qxa3 25. Qe2 Qc5 26. Rf1 Rc3 27. Nb1 0-1

[Event "Torneio Internacional da Amizade"]
[Site "Sao Paulo BRA"]
[Date "2008.08.24"]
[Round "3.2"]
[White "Santos, Marcus Vinicius Mor"]
[Black "Cominato Neto, Jose Luis"]
[Result "1-0"]
[WhiteElo "2403"]
[BlackElo "2168"]
[PlyCount "65"]
[EventDate "2008.08.23"]
[EventType "swiss"]
[EventRounds "9"]
[EventCountry "BRA"]
[Source "lmi"]
[SourceDate "2008.08.23"]

1. d4 Nf6 2. c4 g6 3. Nc3 d5 4. h4 c6 5. cxd5 cxd5 6. Bf4 Bg7 7. e3 Nc6 8. h5
O-O 9. hxg6 hxg6 10. Qd2 Ne4 11. Nxe4 dxe4 12. O-O-O e5 13. dxe5 Qxd2+ 14. Rxd2
Nxe5 15. Nh3 Bf5 16. Bxe5 Bxe5 17. Be2 Rac8+ 18. Kb1 Bxh3 19. gxh3 Rc7 20. h4
Kg7 21. h5 Rh8 22. Rg1 Rh6 23. Bd1 f5 24. Rd8 Kf6 25. Bb3 Rg7 26. Re8 f4 27.
exf4 Bc7 28. Rxe4 Rxh5 29. a3 Kf5 30. Bc2 Kf6 31. Rge1 Rgh7 32. Re6+ Kg7 33.
Bxg6 1-0

[Event "Torneio Internacional da Amizade"]
[Site "Sao Paulo BRA"]
[Date "2008.08.24"]
[Round "3.3"]
[White "Batista, Renato Luiz"]
[Black "Fusco, Leonardo"]
[Result "0-1"]
[WhiteElo "2156"]
[BlackElo "2392"]
[PlyCount "64"]
[EventDate "2008.08.23"]
[EventType "swiss"]
[EventRounds "9"]
[EventCountry "BRA"]
[Source "lmi"]
[SourceDate "2008.08.23"]

1. d4 Nf6 2. c4 g6 3. Nc3 d5 4. cxd5 Nxd5 5. Bd2 Bg7 6. e4 Nb6 7. Be3 O-O 8. h3
Nc6 9. Nf3 e5 10. d5 Ne7 11. Qb3 c6 12. Rd1 cxd5 13. exd5 Nf5 14. Bc5 Re8 15.
Bb5 Nd7 16. Bxd7 Bxd7 17. O-O b6 18. Be3 e4 19. Nd2 Qh4 20. Ne2 b5 21. Rc1 Be5
22. Rfd1 a5 23. Nf1 Nxe3 24. fxe3 Bd6 25. Nd4 Re5 26. Nc6 Rh5 27. Rd2 Bxh3 28.
gxh3 Qxh3 29. Qxb5 Qh1+ 30. Kf2 Qf3+ 31. Ke1 Rh1 32. Re2 Qxf1+ 0-1

[Event "Torneio Internacional da Amizade"]
[Site "Sao Paulo BRA"]
[Date "2008.08.24"]
[Round "3.4"]
[White "Teixeira, Ricardo Da Silva"]
[Black "Schutt, Ricardo De Amorim"]
[Result "1-0"]
[WhiteElo "2377"]
[BlackElo "2153"]
[PlyCount "47"]
[EventDate "2008.08.23"]
[EventType "swiss"]
[EventRounds "9"]
[EventCountry "BRA"]
[Source "lmi"]
[SourceDate "2008.08.23"]

1. e4 c5 2. Nc3 e6 3. Nge2 Nc6 4. g3 d6 5. Bg2 Nf6 6. O-O Be7 7. d4 cxd4 8.
Nxd4 Nxd4 9. Qxd4 O-O 10. h3 e5 11. Qd3 Be6 12. Be3 Qc8 13. Rfd1 Bxh3 14. Bg5
Rd8 15. Bxf6 Bxf6 16. Nd5 Bxg2 17. Kxg2 Qd7 18. Rh1 Be7 19. Qf3 Rac8 20. Rxh7
Kxh7 21. Qxf7 Bg5 22. Nf6+ Kh8 23. Rh1+ Bh6 24. Qg6 1-0

[Event "Torneio Internacional da Amizade"]
[Site "Sao Paulo BRA"]
[Date "2008.08.24"]
[Round "3.5"]
[White "Utiyama, Marcel Heimar Ribei"]
[Black "Perdomo, Leandro"]
[Result "0-1"]
[WhiteElo "2139"]
[BlackElo "2376"]
[PlyCount "94"]
[EventDate "2008.08.23"]
[EventType "swiss"]
[EventRounds "9"]
[EventCountry "BRA"]
[Source "lmi"]
[SourceDate "2008.08.23"]

1. e4 e5 2. Nf3 Nc6 3. Bb5 a6 4. Ba4 Nf6 5. O-O b5 6. Bb3 Be7 7. Re1 O-O 8. c3
d6 9. d4 Bg4 10. Be3 d5 11. exd5 exd4 12. Bxd4 Nxd4 13. Qxd4 Bxf3 14. gxf3 Bd6
15. Nd2 Nd7 16. Ne4 Be5 17. Qd2 Qh4 18. Ng3 Qf6 19. Bc2 Qxf3 20. Qd3 Qxd3 21.
Bxd3 Rfe8 22. Ne4 Nb6 23. Ng5 h6 24. Nf3 Bf6 25. Be4 Rad8 26. Rad1 Nc4 27. Rb1
Re7 28. Kf1 Rde8 29. Bc2 Rxe1+ 30. Rxe1 Rxe1+ 31. Nxe1 Nxb2 32. Nd3 Nc4 33. Nc5
a5 34. Ne4 Be5 35. h3 f5 36. Nc5 g6 37. a4 Bd6 38. Nb7 bxa4 39. Bxa4 Nd2+ 40.
Ke1 Ne4 41. c4 Bb4+ 42. Kf1 Kf8 43. c5 Nc3 44. Bb3 a4 45. d6 cxd6 46. c6 Ke7
47. Be6 Kxe6 0-1

[Event "Torneio Internacional da Amizade"]
[Site "Sao Paulo BRA"]
[Date "2008.08.25"]
[Round "4.2"]
[White "Tsuboi, Edson Kenji"]
[Black "Fusco, Leonardo"]
[Result "1/2-1/2"]
[WhiteElo "2356"]
[BlackElo "2392"]
[PlyCount "138"]
[EventDate "2008.08.23"]
[EventType "swiss"]
[EventRounds "9"]
[EventCountry "BRA"]
[Source "lmi"]
[SourceDate "2008.08.23"]

1. e4 c5 2. Nf3 d6 3. d4 Nf6 4. Nc3 cxd4 5. Nxd4 a6 6. Be3 e5 7. Nf3 Be7 8. Bc4
O-O 9. O-O Be6 10. Bb3 h6 11. Nh4 Re8 12. Nf5 Bxf5 13. exf5 Bf8 14. Qf3 Qe7 15.
Nd5 Nxd5 16. Bxd5 Nc6 17. Bxc6 bxc6 18. Qxc6 Qh4 19. Rfd1 Qg4 20. Qf3 Qc4 21.
c3 Rab8 22. Rd2 Rec8 23. h3 Rb5 24. Qg4 d5 25. Rad1 Qxg4 26. hxg4 Be7 27. Rxd5
Rxb2 28. Rxe5 Bf6 29. Ra5 Rc6 30. Bd4 Bxd4 31. Rxd4 Rxc3 32. Rxa6 Rc1+ 33. Kh2
Rxf2 34. Ra8+ Kh7 35. Rdd8 g6 36. Rd7 gxf5 37. Rxf7+ Kg6 38. Rxf5 Rxf5 39.
gxf5+ Kxf5 40. Rf8+ Kg4 41. Rf2 h5 42. Rb2 h4 43. Rb4+ Kg5 44. Rb8 Rc3 45. Ra8
Kg6 46. Ra4 Kg5 47. Ra8 Kg6 48. Rg8+ Kf6 49. a4 Ra3 50. Ra8 Kg6 51. a5 Kh7 52.
a6 Kg7 53. Kg1 Ra2 54. Kf1 Kh7 55. Ra7+ Kh6 56. Ra8 Kg7 57. Kg1 Kh7 58. Kf1 Kg7
59. a7 Kh7 60. Ke1 Kg7 61. Kd1 Kh7 62. Kc1 Kg7 63. Kb1 Ra3 64. Kb2 Ra6 65. Kc3
Ra3+ 66. Kd4 Ra1 67. Ke5 Ra5+ 68. Kf4 Ra2 69. Kf3 Kh7 1/2-1/2

[Event "Torneio Internacional da Amizade"]
[Site "Sao Paulo BRA"]
[Date "2008.08.25"]
[Round "4.3"]
[White "Leal, Paulotarcisio Garci"]
[Black "Perdomo, Leandro"]
[Result "0-1"]
[WhiteElo "2211"]
[BlackElo "2376"]
[PlyCount "66"]
[EventDate "2008.08.23"]
[EventType "swiss"]
[EventRounds "9"]
[EventCountry "BRA"]
[Source "lmi"]
[SourceDate "2008.08.23"]

1. d4 g6 2. e4 Bg7 3. c3 d6 4. Be3 Nf6 5. f3 O-O 6. Bd3 e5 7. d5 c6 8. c4 Ne8
9. Qd2 f5 10. Nc3 Nd7 11. O-O-O f4 12. Bf2 c5 13. Nge2 a6 14. Rdg1 b5 15. cxb5
axb5 16. Bxb5 Nb6 17. b3 Bd7 18. Kd1 Nc7 19. Bxd7 Qxd7 20. Nc1 Nb5 21. Nxb5
Qxb5 22. Qe2 c4 23. Bxb6 Qxb6 24. Qxc4 Rfc8 25. Qd3 Rc5 26. a4 Rac8 27. Na2 Qc7
28. Re1 Rc2 29. Nb4 Rc3 30. Qd2 Qb6 31. Nc6 Qxb3+ 32. Ke2 Rc2 33. Kd1 Rb2+ 0-1

[Event "Torneio Internacional da Amizade"]
[Site "Sao Paulo BRA"]
[Date "2008.08.25"]
[Round "4.4"]
[White "Santos, Marcus Vinicius Mor"]
[Black "Terao, Juliana Sayumi"]
[Result "0-1"]
[WhiteElo "2403"]
[BlackElo "2094"]
[PlyCount "130"]
[EventDate "2008.08.23"]
[EventType "swiss"]
[EventRounds "9"]
[EventCountry "BRA"]
[Source "lmi"]
[SourceDate "2008.08.23"]

1. d4 Nf6 2. c4 g6 3. Nc3 d5 4. h4 c6 5. cxd5 cxd5 6. Bf4 Nc6 7. e3 Bg7 8. h5
O-O 9. h6 Bh8 10. Nf3 Bf5 11. Nh4 Be6 12. a3 Ne4 13. Rc1 Qb6 14. b4 Nxc3 15.
Rxc3 Rac8 16. Be2 Bf6 17. Nf3 Nxd4 18. Rxc8 Nxf3+ 19. Bxf3 Rxc8 20. O-O d4 21.
exd4 Bxd4 22. Bxb7 Bxf2+ 23. Rxf2 Qxb7 24. Qd4 f6 25. Re2 Bc4 26. Qe4 Qxe4 27.
Rxe4 e5 28. Bg3 Kf7 29. Bf2 a6 30. Bc5 Bd3 31. Re1 Rd8 32. Rc1 Rc8 33. Rd1 e4
34. Kf2 f5 35. Ke3 g5 36. g3 Kg6 37. Rh1 Rc6 38. Bd4 Rc2 39. Be5 Ra2 40. Rc1
Rxa3 41. Rc6+ Kh5 42. Kd4 Bb5 43. Rc1 e3 44. Kd5 e2 45. Re1 Rd3+ 46. Ke6 Rd1
47. Bc3 Rxe1 48. Bxe1 Kg4 49. Ke5 f4 50. gxf4 gxf4 51. Ke4 Bc6+ 52. Kd3 Bf3 53.
Kd2 Kg5 54. Bf2 Kxh6 55. Bc5 Kg5 56. Ke1 Kg4 57. Kf2 h5 58. Bd4 h4 59. Bc3 h3
60. Kg1 Kf5 61. Be1 Ke4 62. Kh2 Bg2 63. Kg1 Ke3 64. Kh2 f3 65. b5 f2 0-1

[Event "Torneio Internacional da Amizade"]
[Site "Sao Paulo BRA"]
[Date "2008.08.25"]
[Round "4.5"]
[White "De Souza, Mauro Guimaraes"]
[Black "Bueno, Alfeu Junior Varela"]
[Result "0-1"]
[WhiteElo "2317"]
[BlackElo "2267"]
[PlyCount "62"]
[EventDate "2008.08.23"]
[EventType "swiss"]
[EventRounds "9"]
[EventCountry "BRA"]
[Source "lmi"]
[SourceDate "2008.08.23"]

1. g3 e5 2. c4 f5 3. Bg2 Nc6 4. Nc3 Nf6 5. d3 Bb4 6. Bd2 O-O 7. Nf3 d6 8. O-O
Bxc3 9. Bxc3 Qe8 10. e3 Qh5 11. Nd2 Qh6 12. Qe2 f4 13. exf4 exf4 14. Rae1 Bd7
15. f3 fxg3 16. hxg3 Qg6 17. Kh2 Rae8 18. Ne4 Ne5 19. Bxe5 Rxe5 20. Nxf6+ Rxf6
21. Qf2 Qh5+ 22. Kg1 Rh6 23. Qd4 Qh2+ 24. Kf2 Bh3 25. Rxe5 Qxg2+ 26. Ke3 dxe5
27. Qd8+ Kf7 28. Qxc7+ Ke8 29. Qb8+ Ke7 30. Qxb7+ Bd7 31. Re1 Rh2 0-1

[Event "Torneio Internacional da Amizade"]
[Site "Sao Paulo BRA"]
[Date "2008.08.27"]
[Round "5.1"]
[White "Vescovi, Giovanni"]
[Black "Perdomo, Leandro"]
[Result "1-0"]
[WhiteElo "2631"]
[BlackElo "2376"]
[PlyCount "99"]
[EventDate "2008.08.23"]
[EventType "swiss"]
[EventRounds "9"]
[EventCountry "BRA"]
[Source "lmi"]
[SourceDate "2008.08.23"]

1. d4 Nf6 2. Nf3 g6 3. c4 Bg7 4. Nc3 O-O 5. Bg5 d6 6. e3 c5 7. Be2 h6 8. Bh4
cxd4 9. exd4 Nh5 10. O-O g5 11. Bg3 f5 12. Ne1 Nxg3 13. hxg3 Nc6 14. Nc2 e5 15.
Bf3 exd4 16. Bd5+ Kh8 17. Ne2 Qf6 18. Qd2 Be6 19. Rad1 Rac8 20. Bxe6 Qxe6 21.
b3 Qf6 22. Nexd4 Nxd4 23. Nxd4 Qxd4 24. Qxd4 Bxd4 25. Rxd4 Rc6 26. Re1 Kg7 27.
Rd5 Kf6 28. f3 Rd8 29. Red1 h5 30. Kf2 b6 31. g4 hxg4 32. fxg4 fxg4 33. Kg3 Rc5
34. Rxd6+ Rxd6 35. Rxd6+ Ke7 36. Rd5 Rc6 37. Rxg5 Kf6 38. Kxg4 Rd6 39. Rd5 Re6
40. Kf3 a6 41. c5 bxc5 42. Rxc5 Kg6 43. g4 Kf6 44. Kf4 Kg6 45. Re5 Rc6 46. Ke3
Kf6 47. Rf5+ Kg6 48. Kd4 Kg7 49. Rc5 Rd6+ 50. Kc3 1-0

[Event "Torneio Internacional da Amizade"]
[Site "Sao Paulo BRA"]
[Date "2008.08.27"]
[Round "5.2"]
[White "Fusco, Leonardo"]
[Black "Bueno, Alfeu Junior Varela"]
[Result "1-0"]
[WhiteElo "2392"]
[BlackElo "2267"]
[PlyCount "57"]
[EventDate "2008.08.23"]
[EventType "swiss"]
[EventRounds "9"]
[EventCountry "BRA"]
[Source "lmi"]
[SourceDate "2008.08.23"]

1. e4 e6 2. d4 d5 3. Nc3 Nf6 4. Bg5 Be7 5. e5 Nfd7 6. h4 O-O 7. Bd3 c5 8. Nf3
g6 9. dxc5 Nc6 10. Qe2 Nxc5 11. O-O-O Nb4 12. Qe3 Nbxd3+ 13. cxd3 b5 14. d4 Na4
15. Nxa4 bxa4 16. Kb1 Rb8 17. Ka1 a5 18. Rd2 Qc7 19. Bf6 Rd8 20. h5 Ba6 21.
hxg6 fxg6 22. Qh6 Bxf6 23. exf6 Rdc8 24. Rc2 Qb7 25. Rxc8+ Rxc8 26. Ng5 Rc7 27.
Nxh7 Rxh7 28. Qxg6+ Qg7 29. Qe8+ 1-0

[Event "Torneio Internacional da Amizade"]
[Site "Sao Paulo BRA"]
[Date "2008.08.27"]
[Round "5.3"]
[White "Terao, Juliana Sayumi"]
[Black "Tsuboi, Edson Kenji"]
[Result "1/2-1/2"]
[WhiteElo "2094"]
[BlackElo "2356"]
[PlyCount "109"]
[EventDate "2008.08.23"]
[EventType "swiss"]
[EventRounds "9"]
[EventCountry "BRA"]
[Source "lmi"]
[SourceDate "2008.08.23"]

1. e4 c5 2. c3 Nf6 3. e5 Nd5 4. d4 cxd4 5. Qxd4 e6 6. Nf3 Nc6 7. Qe4 f5 8. Qe2
Qc7 9. g3 b6 10. Bg2 Ncb4 11. Qd1 Ba6 12. Bf1 Bxf1 13. Kxf1 Nc6 14. Qe2 b5 15.
Kg2 Qb7 16. Re1 Be7 17. h4 a5 18. Kh2 O-O 19. Bg5 Bc5 20. Nbd2 a4 21. Rac1 Qa7
22. Rf1 h6 23. Bf4 Nce7 24. Ne1 Ng6 25. Nd3 Be7 26. h5 Nh8 27. Nf3 Rac8 28. Nd4
Qb7 29. Bd2 Nf7 30. f4 Nd8 31. Rg1 Nc6 32. Nf3 Kh8 33. Rg2 Rf7 34. Rcg1 Rg8 35.
Kh3 Qa6 36. Nde1 Qb6 37. Nc2 Bc5 38. Re1 Rc8 39. Nh4 Nce7 40. Qd3 Qb7 41. Qf3
Qa8 42. Qd3 Qb7 43. Qf3 Ba7 44. Be3 Bxe3 45. Nxe3 Qa8 46. Rd1 Nxe3 47. Qxe3 Nd5
48. Qd3 Rc4 49. Ng6+ Kg8 50. Rc1 Qc6 51. Rgc2 Re4 52. Re2 Rc4 53. Rec2 Re4 54.
Re2 Rc4 55. Rec2 1/2-1/2

[Event "Torneio Internacional da Amizade"]
[Site "Sao Paulo BRA"]
[Date "2008.08.27"]
[Round "5.4"]
[White "Lebredo Zaragoitia, Gerardo"]
[Black "Teixeira, Ricardo Da Silva"]
[Result "0-1"]
[WhiteElo "2245"]
[BlackElo "2377"]
[PlyCount "54"]
[EventDate "2008.08.23"]
[EventType "swiss"]
[EventRounds "9"]
[EventCountry "BRA"]
[Source "lmi"]
[SourceDate "2008.08.23"]

1. d4 d5 2. c4 e6 3. Nc3 c5 4. cxd5 exd5 5. e4 dxe4 6. d5 f5 7. Bb5+ Bd7 8. Bf4
Bxb5 9. Nxb5 Qa5+ 10. Nc3 Nf6 11. Nge2 Na6 12. O-O Nb4 13. Qb3 Qa6 14. d6 Bxd6
15. Qe6+ Be7 16. Qxf5 Qc6 17. Bg5 O-O 18. Bxf6 Bxf6 19. Qxe4 Qxe4 20. Nxe4 Bxb2
21. Rab1 Rae8 22. f3 Nd3 23. Nxc5 Rxe2 24. Nxd3 Bd4+ 25. Kh1 Rxa2 26. Rxb7 Rd2
27. Nb4 Rb2 0-1

[Event "Torneio Internacional da Amizade"]
[Site "Sao Paulo BRA"]
[Date "2008.08.27"]
[Round "5.5"]
[White "Calcado, Acyr Rogerio"]
[Black "Rodi, Luis Ernesto"]
[Result "1-0"]
[WhiteElo "2213"]
[BlackElo "2376"]
[PlyCount "49"]
[EventDate "2008.08.23"]
[EventType "swiss"]
[EventRounds "9"]
[EventCountry "BRA"]
[Source "lmi"]
[SourceDate "2008.08.23"]

1. e4 e6 2. d4 d5 3. Nc3 Bb4 4. e5 c5 5. a3 cxd4 6. axb4 dxc3 7. bxc3 Qc7 8.
Nf3 Nd7 9. Bb5 Ne7 10. O-O O-O 11. Qd4 a6 12. Bd3 Ng6 13. Re1 Nb6 14. h4 Bd7
15. h5 Ne7 16. Ng5 h6 17. Nh7 Rfc8 18. Bxh6 gxh6 19. Qf4 Nf5 20. Bxf5 Kg7 21.
Bd3 Qd8 22. Re3 f5 23. exf6+ Kf7 24. Bg6+ Kg8 25. Qxh6 1-0

[Event "Torneio Internacional da Amizade"]
[Site "Sao Paulo BRA"]
[Date "2008.08.28"]
[Round "6.2"]
[White "Teixeira, Ricardo Da Silva"]
[Black "Limberg, Estacio Vermelho"]
[Result "1-0"]
[WhiteElo "2377"]
[BlackElo "2282"]
[PlyCount "75"]
[EventDate "2008.08.23"]
[EventType "swiss"]
[EventRounds "9"]
[EventCountry "BRA"]
[Source "lmi"]
[SourceDate "2008.08.23"]

1. c4 g6 2. d4 Bg7 3. Nf3 Nf6 4. Nc3 O-O 5. e4 d6 6. Be2 Bg4 7. Be3 Nbd7 8. O-O
c5 9. d5 Bxf3 10. Bxf3 Ne8 11. Qd2 Nc7 12. Be2 Re8 13. f4 Rb8 14. a4 Na6 15. e5
dxe5 16. f5 Nf6 17. Bh6 Kh8 18. Rf3 Bxh6 19. Qxh6 Rg8 20. fxg6 Rxg6 21. Qe3 Qg8
22. Rf2 Nd7 23. Bd3 Rg7 24. Bf5 Rd8 25. Bxd7 Rxd7 26. Qxe5 f6 27. Qf5 Rd8 28.
Ne4 Nc7 29. Nxc5 b6 30. Ne4 Ne8 31. Ra3 Nd6 32. Nxd6 Rxd6 33. Re3 Qd8 34. Rfe2
Qc7 35. b3 Kg8 36. g3 Kf8 37. Kg2 Qc5 38. Re6 1-0